Led Zeppelin Discography - Statistics

General Stats
  • This quiz has been taken 83 times
  • The average score is 12 of 26
Answer Stats
Type Year Name % Correct
Album 1969 Led Zeppelin
99%
Album 1969 Led Zeppelin II
99%
Album 1970 Led Zeppelin III
96%
Album 1971 Led Zeppelin IV
96%
Album 1973 Houses of the Holy
92%
Album 1975 Physical Graffiti
86%
Compilation 1982 Coda
78%
Album 1979 In Through the Out Door
75%
Album 1976 Presence
73%
Live Album 1976 The Song Remains the Same
56%
Concert Film 1984 The Song Remains the Same
56%
Live Album 2012 Celebration Day
38%
Concert Film 2012 Celebration Day
38%
Live Album 2003 How the West Was Won
37%
Compilation 2007 Mothership
34%
Video Album 2007 Mothership
34%
Live Compilation 1997 BBC Sessions
10%
Compilation 1999 Early Days: Best of Led Zeppelin Volume One
10%
Compilation 2000 Latter Days: Best of Led Zeppelin Volume Two
10%
Compilation 1990 Led Zeppelin Remasters
8%
Box Set 1990 Led Zeppelin Boxed Set
7%
Box Set 1993 Led Zeppelin Boxed Set 2
7%
Double Package 2002 Early Days and Latter Days
5%
Box Set 1993 The Complete Studio Recordings
5%
DVD 2003 Led Zeppelin DVD
4%
Box Set 2008 Definitive Collection of Mini-LP Replica CDs Boxed Set
3%
No matching quizzes found
Score Distribution
Percent of People with Each Score
Percentile by Number Answered
Your Score History
You have not taken this quiz